00370nam a22001457a 450000500170000000800410001702000170005804100080007508200220008310000280010524500250013326000430015830000080020165000150020920180323110400.0160519b xxu||||| |||| 00| 0 eng d a81-8054383-8 aeng b3267a338.5024658 aVarshney/RL. Maheshwari aManagerial Economics aNew DelhibSultan Chand & Sons. c2006 a684 aManagement